000 00427nam a2200157Ia 4500
008 230718s9999 xx 000 0 und d
041 _aeng
082 _a519.40285'513
_bCHA
100 _aChapman S. J.
_9136993
245 _aMatlab Programming For Engineers
250 _a3rd ed.
260 _bDelmar Ceneage Learning
365 _cRs.
_b353.00
700 _aChapman S. J.
_9136993
906 _dB:37608-Oct-2008
_cETC
_b70.6
999 _c319492
_d319492